Australian medical education and workforce into the 21st century.

Saved in:
Bibliographic Details
Corporate Authors: Australia. Committee of Inquiry into Medical Education and Medical Workforce, Australia. Department of Community Services and Health
Other Authors: Doherty, R.L
Format: Book
Language:English
Published: Canberra : AGPS, 1988.
Subjects:
LEADER 01240nam a2200325 a 4500
001 c000173137
003 CARM
005 20040318171829.0
008 900101s1988 xx a 00 0 eng d
019 1 |a 5909844  |z 41364977  |z 26591585  |z 23911384  |z 23028758  |z 57587124  |z 58121299  |z 58462446  |5 LACONCORD2021 
020 |a 0644082941 
035 |a (OCoLC)27506340  |5 LACONCORD2021 
040 |a WHD  |b eng  |c VCAV 
060 0 |a W 18 KA8 
110 1 |a Australia. Committee of Inquiry into Medical Education and Medical Workforce. 
245 1 0 |a Australian medical education and workforce into the 21st century. 
260 |a Canberra :  |b AGPS,  |c 1988. 
300 |a 691 p. 
650 0 2 |a Health Manpower. 
650 0 2 |a Medical Staff. 
650 0 2 |a Education, Medical. 
650 0 2 |a Curriculum. 
650 0 2 |a Health Services Needs and Demand. 
650 0 2 |a Organization and Administration. 
651 2 |a Australia. 
700 1 |a Doherty, R.L. 
710 1 |a Australia. Department of Community Services and Health. 
852 8 |b CARM  |h A2:AN18F0  |i C06190  |p 0165800  |f BK 
999 f f |i 4ca32de0-d85f-52d7-8510-31a973884dd4  |s 3ddb90d2-8fa7-5f29-9502-372e75c820c8 
952 f f |p Can circulate  |a CAVAL  |b CAVAL  |c CAVAL  |d CARM 1 Store  |e C06190  |f A2:AN18F0  |h Other scheme  |i book  |m 0165800